[Event "DEM U16 2024"]
[Site "Willingen GER"]
[Date "2024.05.20"]
[Round "3"]
[White "Lutze, Max"]
[Black "Bräutigam, Alexander"]
[Result "1/2-1/2"]
[Termination "normal"]
[Board "5"]
[WhiteElo "2054"]
[BlackElo "2134"]
[WhiteClock "00:30:01"]
[BlackClock "00:20:39"]
[PlyCount "95"]
[WhiteFideId "34614850"]
[BlackFideId "16245210"]
[EventCountry "GER"]
[EventRounds "9"]
[EventType "swiss"]
[EventDate "2024.05.18"]

1. e4 {[%clk 01:30:58]} c5 {[%clk 01:30:56]} {[%emt 00:00:05]} 2. Nf3 {[%clk
01:31:23]} {[%emt 00:00:04]} d6 {[%clk 01:31:20]} {[%emt 00:00:06]} 3. d4
{[%clk 01:31:50]} {[%emt 00:00:04]} cxd4 {[%clk 01:31:47]} {[%emt 00:00:03]} 4.
Nxd4 {[%clk 01:32:06]} {[%emt 00:00:13]} Nf6 {[%clk 01:32:11]} {[%emt
00:00:05]} 5. Nc3 {[%clk 01:32:30]} {[%emt 00:00:07]} a6 {[%clk 01:32:37]}
{[%emt 00:00:04]} 6. h3 {[%clk 01:32:53]} {[%emt 00:00:07]} e5 {[%clk
01:33:02]} {[%emt 00:00:05]} 7. Nde2 {[%clk 01:33:18]} {[%emt 00:00:05]} h5
{[%clk 01:33:26]} {[%emt 00:00:06]} 8. g3 {[%clk 01:33:41]} {[%emt 00:00:07]}
Be6 {[%clk 01:33:19]} {[%emt 00:00:37]} 9. Bg2 {[%clk 01:33:38]} {[%emt
00:00:33]} b5 {[%clk 01:31:13]} {[%emt 00:02:35]} 10. O-O {[%clk 01:30:50]}
{[%emt 00:03:18]} Nbd7 {[%emt 00:00:35]} 11. a4 {[%clk 01:30:38]} {[%emt
00:00:40]} b4 {[%clk 01:31:22]} {[%emt 00:00:18]} 12. Nd5 {[%clk 01:31:01]}
{[%emt 00:00:07]} Bxd5 {[%clk 01:31:31]} {[%emt 00:00:21]} 13. exd5 {[%clk
01:31:23]} {[%emt 00:00:08]} Be7 {[%clk 01:30:00]} {[%emt 00:02:00]} 14. c3
{[%clk 01:29:57]} {[%emt 00:01:56]} Rb8 {[%clk 01:29:58]} {[%emt 00:00:33]} 15.
cxb4 {[%clk 01:24:59]} {[%emt 00:05:29]} Rxb4 {[%clk 01:28:08]} {[%emt
00:02:20]} 16. Nc3 {[%clk 01:25:16]} {[%emt 00:00:11]} Nc5 {[%clk 01:19:44]}
{[%emt 00:08:55]} 17. Be3 {[%clk 01:20:54]} {[%emt 00:04:52]} Rxb2 {[%clk
01:12:00]} {[%emt 00:08:15]} 18. Bxc5 {[%clk 01:21:07]} {[%emt 00:00:16]} dxc5
{[%clk 01:12:15]} {[%emt 00:00:15]} 19. Qd3 {[%clk 01:21:21]} {[%emt 00:00:15]}
Qd6 {[%clk 01:10:10]} {[%emt 00:02:36]} 20. Rab1 {[%clk 01:19:31]} {[%emt
00:02:21]} Rb4 {[%clk 01:07:27]} {[%emt 00:03:05]} 21. Rxb4 {[%clk 01:13:20]}
{[%emt 00:06:49]} cxb4 {[%clk 01:07:51]} {[%emt 00:00:06]} 22. Nd1 {[%clk
01:13:35]} {[%emt 00:00:14]} O-O {[%clk 01:00:22]} {[%emt 00:07:59]} 23. Ne3
{[%clk 01:13:56]} {[%emt 00:00:08]} Rd8 {[%clk 00:56:56]} {[%emt 00:03:57]} 24.
Rd1 {[%clk 00:49:51]} {[%emt 00:24:34]} g6 {[%clk 00:33:30]} {[%emt 00:23:57]}
25. g4 {[%clk 00:44:22]} {[%emt 00:05:58]} hxg4 {[%clk 00:28:13]} {[%emt
00:05:47]} 26. hxg4 {[%clk 00:44:41]} {[%emt 00:00:11]} Ne8 {[%clk 00:19:52]}
{[%emt 00:08:51]} 27. Be4 {[%clk 00:40:13]} {[%emt 00:04:58]} Qf6 {[%clk
00:18:37]} {[%emt 00:01:45]} 28. Bg2 {[%clk 00:36:46]} {[%emt 00:03:57]} Bc5
{[%clk 00:18:06]} {[%emt 00:01:02]} 29. Qe2 {[%clk 00:32:18]} {[%emt 00:04:58]}
Bxe3 {[%clk 00:13:14]} {[%emt 00:05:22]} 30. Qxe3 {[%clk 00:30:34]} {[%emt
00:02:13]} Rb8 {[%clk 00:11:28]} {[%emt 00:02:16]} 31. d6 {[%clk 00:26:37]}
{[%emt 00:04:27]} Nxd6 {[%clk 00:09:03]} {[%emt 00:02:56]} 32. Qa7 {[%clk
00:26:57]} {[%emt 00:00:10]} Re8 {[%clk 00:04:03]} {[%emt 00:05:30]} 33. Qxa6
{[%clk 00:18:43]} {[%emt 00:08:44]} Ne4 {[%clk 00:03:25]} {[%emt 00:01:08]} 34.
Qxf6 {[%clk 00:17:13]} {[%emt 00:02:00]} Nxf6 {[%clk 00:03:52]} {[%emt
00:00:02]} 35. g5 {[%clk 00:17:36]} {[%emt 00:00:07]} Nh7 {[%clk 00:04:19]}
{[%emt 00:00:04]} 36. Bd5 {[%clk 00:17:45]} {[%emt 00:00:20]} Nxg5 {[%clk
00:03:37]} {[%emt 00:01:13]} 37. a5 {[%clk 00:17:12]} {[%emt 00:01:02]} Ne6
{[%clk 00:04:05]} {[%emt 00:00:03]} 38. Rb1 {[%clk 00:09:59]} {[%emt 00:07:43]}
Nc7 {[%clk 00:02:40]} {[%emt 00:01:56]} 39. Bb7 {[%clk 00:10:17]} {[%emt
00:00:12]} Rb8 {[%clk 00:01:16]} {[%emt 00:01:54]} 40. Rxb4 {[%clk 00:10:14]}
{[%emt 00:00:33]} Kf8 {[%clk 00:01:35]} {[%emt 00:00:10]} 41. Rb6 {[%clk
00:07:32]} {[%emt 00:03:11]} Ke7 {[%clk 00:00:58]} {[%emt 00:01:07]} 42. Kg2
{[%clk 00:04:54]} {[%emt 00:03:08]} g5 {[%clk 00:25:22]} {[%emt 00:06:07]} 43.
Be4 {[%clk 00:33:22]} {[%emt 00:02:02]} Rxb6 {[%clk 00:23:46]} {[%emt
00:02:07]} 44. axb6 {[%clk 00:33:49]} {[%emt 00:00:02]} Na6 {[%clk 00:23:44]}
{[%emt 00:00:33]} 45. Kf3 {[%clk 00:34:00]} {[%emt 00:00:18]} Nc5 {[%clk
00:20:10]} {[%emt 00:04:05]} 46. b7 {[%clk 00:32:35]} {[%emt 00:01:54]} Nxb7
{[%clk 00:20:11]} {[%emt 00:00:29]} 47. Bxb7 {[%clk 00:32:57]} {[%emt
00:00:08]} f5 {[%clk 00:20:39]} {[%emt 00:00:02]} 48. Ba8 {[%clk 00:30:01]}
{[%emt 00:03:25]} 1/2-1/2

[Event "DEM U16 2024"]
[Site "Willingen GER"]
[Date "2024.05.20"]
[Round "3"]
[White "Hoppstädter, Daniel"]
[Black "Helms, Finn"]
[Result "1-0"]
[Termination "normal"]
[Board "6"]
[WhiteElo "2155"]
[BlackElo "2044"]
[WhiteClock "00:16:10"]
[BlackClock "00:01:32"]
[PlyCount "65"]
[WhiteFideId "16243625"]
[BlackFideId "16249143"]
[EventCountry "GER"]
[EventRounds "9"]
[EventType "swiss"]
[EventDate "2024.05.18"]

1. d4 {[%clk 01:30:55]} {[%emt 00:00:03]} Nf6 {[%clk 01:30:56]} {[%emt
00:00:05]} 2. Bg5 {[%clk 01:31:16]} {[%emt 00:00:08]} e6 {[%clk 01:30:51]}
{[%emt 00:00:36]} 3. Nf3 {[%clk 01:31:23]} {[%emt 00:00:23]} h6 {[%clk
01:30:53]} {[%emt 00:00:27]} 4. Bh4 {[%clk 01:31:45]} {[%emt 00:00:08]} c5
{[%clk 01:31:04]} {[%emt 00:00:19]} 5. e3 {[%clk 01:32:08]} {[%emt 00:00:07]}
d5 {[%clk 01:30:51]} {[%emt 00:00:44]} 6. c3 {[%clk 01:32:23]} {[%emt
00:00:14]} Qb6 {[%clk 01:30:50]} {[%emt 00:00:31]} 7. Qc2 {[%clk 01:30:51]}
{[%emt 00:02:01]} Nc6 {[%clk 01:26:43]} {[%emt 00:04:38]} 8. Nbd2 {[%clk
01:29:52]} {[%emt 00:01:29]} Bd7 {[%clk 01:23:41]} {[%emt 00:03:32]} 9. Bd3
{[%clk 01:27:01]} {[%emt 00:03:21]} Rc8 {[%clk 01:20:22]} {[%emt 00:03:49]} 10.
a3 {[%emt 00:00:33]} cxd4 {[%clk 01:12:42]} {[%emt 00:08:09]} 11. exd4 {[%clk
01:26:59]} {[%emt 00:00:28]} g5 {[%clk 00:56:48]} {[%emt 00:16:25]} 12. Bg3
{[%clk 01:25:19]} {[%emt 00:02:09]} g4 {[%clk 00:54:30]} {[%emt 00:02:49]} 13.
Ne5 {[%clk 01:18:45]} {[%emt 00:07:03]} Nxd4 {[%clk 00:53:32]} {[%emt
00:01:28]} 14. Qb1 {[%clk 01:17:41]} {[%emt 00:01:34]} Nc6 {[%clk 00:52:16]}
{[%emt 00:01:46]} 15. O-O {[%clk 00:43:55]} {[%emt 00:34:16]} Bg7 {[%clk
00:42:18]} {[%emt 00:10:28]} 16. Kh1 {[%clk 00:33:26]} {[%emt 00:10:59]} h5
{[%clk 00:28:28]} {[%emt 00:14:19]} 17. Bg6 {[%clk 00:29:44]} {[%emt 00:04:12]}
Nxe5 {[%clk 00:26:49]} {[%emt 00:02:09]} 18. Bxe5 {[%clk 00:27:18]} {[%emt
00:02:56]} Rh6 {[%clk 00:17:38]} {[%emt 00:09:42]} 19. Bd3 {[%clk 00:26:45]}
{[%emt 00:01:03]} h4 {[%clk 00:12:39]} {[%emt 00:05:29]} 20. Qd1 {[%clk
00:22:58]} {[%emt 00:04:17]} Ke7 {[%clk 00:11:19]} {[%emt 00:01:50]} 21. Qe2
{[%clk 00:22:48]} {[%emt 00:00:40]} Bc6 {[%clk 00:08:41]} {[%emt 00:03:08]} 22.
Bd4 {[%clk 00:21:56]} {[%emt 00:01:22]} Qc7 {[%clk 00:08:24]} {[%emt 00:00:47]}
23. Nb3 {[%clk 00:20:48]} {[%emt 00:01:38]} Rch8 {[%clk 00:07:14]} {[%emt
00:01:40]} 24. Be5 {[%clk 00:20:16]} {[%emt 00:01:02]} Qb6 {[%clk 00:07:20]}
{[%emt 00:00:23]} 25. Nd4 {[%clk 00:20:36]} {[%emt 00:00:09]} Kd8 {[%clk
00:06:21]} {[%emt 00:01:30]} 26. f4 {[%clk 00:19:25]} {[%emt 00:01:42]} Rh5
{[%clk 00:02:20]} {[%emt 00:04:31]} 27. Bg6 {[%clk 00:17:20]} {[%emt 00:03:22]}
fxg6 {[%clk 00:01:31]} {[%emt 00:01:20]} 28. Nxe6+ {[%clk 00:17:43]} {[%emt
00:00:07]} Kc8 {[%clk 00:01:46]} {[%emt 00:00:15]} 29. Nxg7 {[%clk 00:15:24]}
{[%emt 00:02:49]} Ne4 {[%clk 00:01:30]} {[%emt 00:00:46]} 30. Nxh5 {[%clk
00:15:15]} {[%emt 00:00:39]} Ng3+ {[%clk 00:00:39]} {[%emt 00:01:22]} 31. Nxg3
{[%clk 00:15:34]} {[%emt 00:00:11]} hxg3 {[%clk 00:01:04]} {[%emt 00:00:05]}
32. Qxg4+ {[%clk 00:15:58]} {[%emt 00:00:05]} Bd7 {[%clk 00:01:32]} {[%emt
00:00:03]} 33. Qxg3 {[%clk 00:16:10]} {[%emt 00:00:17]} 1-0

[Event "DEM U16 2024"]
[Site "Willingen GER"]
[Date "2024.05.20"]
[Round "3"]
[White "Windmüller, Simon"]
[Black "Haubold, Sebastian"]
[Result "1/2-1/2"]
[Termination "normal"]
[Board "7"]
[WhiteElo "2041"]
[BlackElo "2127"]
[WhiteClock "00:11:01"]
[BlackClock "00:06:55"]
[PlyCount "109"]
[WhiteFideId "16274032"]
[BlackFideId "16259637"]
[EventCountry "GER"]
[EventRounds "9"]
[EventType "swiss"]
[EventDate "2024.05.18"]

1. Nf3 {[%clk 01:30:48]} {[%emt 00:00:11]} Nf6 {[%clk 01:30:39]} {[%emt
00:00:21]} 2. c4 {[%clk 01:31:06]} {[%emt 00:00:13]} g6 {[%clk 01:30:49]}
{[%emt 00:00:21]} 3. g3 {[%clk 01:31:25]} {[%emt 00:00:10]} Bg7 {[%clk
01:30:37]} {[%emt 00:00:43]} 4. Bg2 {[%clk 01:31:25]} {[%emt 00:00:29]} O-O
{[%clk 01:31:00]} {[%emt 00:00:08]} 5. d4 {[%clk 01:31:36]} {[%emt 00:00:18]}
d6 {[%clk 01:31:24]} {[%emt 00:00:07]} 6. O-O {[%clk 01:31:51]} {[%emt
00:00:14]} Nc6 {[%clk 01:31:35]} {[%emt 00:00:20]} 7. Nc3 {[%clk 01:32:10]}
{[%emt 00:00:10]} a6 {[%clk 01:31:55]} {[%emt 00:00:11]} 8. e4 {[%clk
01:29:56]} {[%emt 00:02:42]} e6 {[%clk 01:10:21]} {[%emt 00:22:06]} 9. Re1
{[%clk 01:27:34]} {[%emt 00:02:51]} Rb8 {[%clk 01:10:13]} {[%emt 00:00:39]} 10.
b3 {[%clk 01:16:11]} {[%emt 00:11:52]} b5 {[%clk 01:06:32]} {[%emt 00:04:12]}
11. cxb5 {[%clk 01:16:29]} {[%emt 00:00:12]} axb5 {[%clk 01:06:52]} {[%emt
00:00:11]} 12. Bb2 {[%clk 01:16:40]} {[%emt 00:00:17]} b4 {[%clk 00:56:24]}
{[%emt 00:10:58]} 13. Nb1 {[%clk 01:17:02]} {[%emt 00:00:08]} Bb7 {[%clk
00:49:49]} {[%emt 00:07:06]} 14. Nbd2 {[%clk 01:15:34]} {[%emt 00:01:56]} d5
{[%clk 00:45:46]} {[%emt 00:04:34]} 15. e5 {[%clk 01:15:24]} {[%emt 00:00:40]}
Nd7 {[%clk 00:45:51]} {[%emt 00:00:26]} 16. a4 {[%clk 01:07:46]} {[%emt
00:08:08]} Na5 {[%clk 00:43:21]} {[%emt 00:03:00]} 17. Rc1 {[%clk 01:06:32]}
{[%emt 00:01:44]} Ba6 {[%clk 00:39:07]} {[%emt 00:04:45]} 18. Bf1 {[%clk
01:06:27]} {[%emt 00:00:35]} Bxf1 {[%clk 00:38:39]} {[%emt 00:00:57]} 19. Nxf1
{[%clk 01:06:46]} {[%emt 00:00:11]} Rc8 {[%clk 00:37:59]} {[%emt 00:01:11]} 20.
N3d2 {[%clk 01:03:48]} {[%emt 00:03:26]} c5 {[%clk 00:34:26]} {[%emt 00:04:04]}
21. dxc5 {[%clk 00:56:46]} {[%emt 00:07:31]} Nxc5 {[%clk 00:34:40]} {[%emt
00:00:16]} 22. Bd4 {[%clk 00:56:57]} {[%emt 00:00:19]} Qe7 {[%clk 00:32:28]}
{[%emt 00:02:42]} 23. Re3 {[%clk 00:56:48]} {[%emt 00:00:39]} Ncb7 {[%clk
00:20:46]} {[%emt 00:12:12]} 24. Rxc8 {[%clk 00:56:20]} {[%emt 00:00:58]} Rxc8
{[%clk 00:21:14]} {[%emt 00:00:02]} 25. Qe2 {[%clk 00:56:19]} {[%emt 00:00:31]}
Qc7 {[%clk 00:15:47]} {[%emt 00:05:58]} 26. Qb5 {[%clk 00:53:44]} {[%emt
00:03:05]} Bf8 {[%clk 00:14:32]} {[%emt 00:01:45]} 27. Rf3 {[%clk 00:49:34]}
{[%emt 00:04:38]} Qc6 {[%clk 00:11:39]} {[%emt 00:03:25]} 28. Qe2 {[%clk
00:45:54]} {[%emt 00:04:10]} Nc5 {[%clk 00:10:32]} {[%emt 00:01:37]} 29. Qe3
{[%clk 00:45:20]} {[%emt 00:01:04]} Ne4 {[%clk 00:09:51]} {[%emt 00:01:11]} 30.
Qf4 {[%clk 00:45:49]} {[%emt 00:00:01]} Qb7 {[%clk 00:07:34]} {[%emt 00:02:47]}
31. Nxe4 {[%clk 00:44:47]} {[%emt 00:01:32]} dxe4 {[%clk 00:08:02]} {[%emt
00:00:02]} 32. Re3 {[%clk 00:45:02]} {[%emt 00:00:15]} Qd5 {[%clk 00:07:05]}
{[%emt 00:01:28]} 33. Bb6 {[%clk 00:34:30]} {[%emt 00:11:01]} Rc1 {[%clk
00:05:05]} {[%emt 00:02:30]} 34. Qxe4 {[%clk 00:33:56]} {[%emt 00:01:04]} Qxe4
{[%clk 00:05:05]} {[%emt 00:00:29]} 35. Rxe4 {[%clk 00:34:23]} {[%emt
00:00:02]} Nxb3 {[%clk 00:05:28]} {[%emt 00:00:08]} 36. Be3 {[%clk 00:33:10]}
{[%emt 00:01:42]} Rc6 {[%clk 00:01:48]} {[%emt 00:04:11]} 37. Nd2 {[%clk
00:22:49]} {[%emt 00:10:50]} Nxd2 {[%clk 00:02:00]} {[%emt 00:00:18]} 38. Bxd2
{[%clk 00:23:07]} {[%emt 00:00:12]} Ra6 {[%clk 00:01:30]} {[%emt 00:01:00]} 39.
Rc4 {[%clk 00:20:45]} {[%emt 00:02:52]} Rxa4 {[%clk 00:01:25]} {[%emt
00:00:35]} 40. Rc8 {[%clk 00:20:57]} {[%emt 00:00:17]} Kg7 {[%clk 00:01:52]}
{[%emt 00:00:02]} 41. Rb8 {[%clk 00:03:48]} {[%emt 00:17:38]} Bc5 {[%clk
00:27:09]} {[%emt 00:05:14]} 42. Rb5 {[%clk 00:22:49]} {[%emt 00:11:29]} Ra1+
{[%clk 00:22:41]} {[%emt 00:04:58]} 43. Kg2 {[%clk 00:23:09]} {[%emt 00:00:09]}
Ra2 {[%clk 00:23:02]} {[%emt 00:00:10]} 44. Rxc5 {[%clk 00:22:54]} {[%emt
00:00:45]} Rxd2 {[%clk 00:23:25]} {[%emt 00:00:07]} 45. Rb5 {[%clk 00:23:17]}
{[%emt 00:00:07]} Rb2 {[%clk 00:23:09]} {[%emt 00:00:46]} 46. h4 {[%clk
00:23:00]} {[%emt 00:00:46]} h5 {[%clk 00:17:31]} {[%emt 00:06:09]} 47. Rb8
{[%clk 00:22:16]} {[%emt 00:01:14]} b3 {[%clk 00:17:40]} {[%emt 00:00:21]} 48.
Kf3 {[%clk 00:22:32]} {[%emt 00:00:14]} f5 {[%clk 00:15:17]} {[%emt 00:02:54]}
49. Rb7+ {[%clk 00:19:30]} {[%emt 00:03:32]} Kf8 {[%clk 00:13:20]} {[%emt
00:02:27]} 50. Kf4 {[%clk 00:14:10]} {[%emt 00:05:49]} Rxf2+ {[%clk 00:06:29]}
{[%emt 00:07:21]} 51. Kg5 {[%clk 00:14:40]} f4 {[%clk 00:06:48]} {[%emt
00:00:11]} 52. gxf4 {[%clk 00:14:16]} {[%emt 00:00:54]} b2 {[%clk 00:06:43]}
{[%emt 00:00:36]} 53. Kxg6 {[%clk 00:13:46]} {[%emt 00:00:59]} Rxf4 {[%clk
00:06:38]} {[%emt 00:00:35]} 54. Rxb2 {[%clk 00:13:54]} {[%emt 00:00:23]} Rf5
{[%clk 00:06:55]} {[%emt 00:00:13]} 55. Rb5 {[%clk 00:11:01]} {[%emt 00:03:22]}
1/2-1/2

[Event "DEM U16 2024"]
[Site "Willingen GER"]
[Date "2024.05.20"]
[Round "3"]
[White "Mester, Philipp"]
[Black "Strehse, Nelson"]
[Result "1/2-1/2"]
[Termination "normal"]
[Board "8"]
[WhiteElo "1975"]
[BlackElo "2156"]
[WhiteClock "00:19:34"]
[BlackClock "00:03:13"]
[PlyCount "70"]
[WhiteFideId "34624902"]
[BlackFideId "16228898"]
[EventCountry "GER"]
[EventRounds "9"]
[EventType "swiss"]
[EventDate "2024.05.18"]

1. d4 {[%clk 01:30:58]} {[%emt 00:00:01]} Nf6 {[%clk 01:30:55]} {[%emt
00:00:05]} 2. c4 {[%clk 01:31:23]} {[%emt 00:00:05]} e6 {[%clk 01:31:21]}
{[%emt 00:00:03]} 3. Nc3 {[%clk 01:31:49]} {[%emt 00:00:05]} Bb4 {[%clk
01:31:47]} {[%emt 00:00:05]} 4. e3 {[%clk 01:32:06]} {[%emt 00:00:13]} O-O
{[%clk 01:32:09]} {[%emt 00:00:07]} 5. Bd2 {[%clk 01:32:31]} {[%emt 00:00:04]}
d5 {[%clk 01:32:32]} {[%emt 00:00:08]} 6. Nf3 {[%clk 01:32:53]} {[%emt
00:00:08]} b6 {[%clk 01:32:59]} {[%emt 00:00:04]} 7. cxd5 {[%clk 01:33:19]}
{[%emt 00:00:05]} exd5 {[%clk 01:33:23]} {[%emt 00:00:05]} 8. Rc1 {[%clk
01:33:44]} {[%emt 00:00:04]} Be7 {[%clk 01:32:54]} {[%emt 00:01:00]} 9. Bd3
{[%clk 01:33:55]} {[%emt 00:00:19]} c5 {[%clk 01:32:42]} {[%emt 00:00:41]} 10.
Ne5 {[%clk 01:33:24]} {[%emt 00:01:01]} Bb7 {[%clk 01:32:49]} {[%emt 00:00:24]}
11. O-O {[%clk 01:32:05]} {[%emt 00:01:49]} Nc6 {[%clk 01:33:05]} {[%emt
00:00:13]} 12. Nxc6 {[%clk 01:31:08]} {[%emt 00:01:28]} Bxc6 {[%clk 01:32:27]}
{[%emt 00:01:08]} 13. dxc5 {[%clk 01:28:59]} {[%emt 00:02:39]} bxc5 {[%clk
01:32:39]} {[%emt 00:00:17]} 14. Na4 {[%clk 01:28:18]} {[%emt 00:01:12]} c4
{[%clk 01:23:32]} {[%emt 00:09:36]} 15. Bb1 {[%clk 01:25:07]} {[%emt 00:03:41]}
Rb8 {[%clk 01:21:06]} {[%emt 00:02:55]} 16. Bc3 {[%clk 01:18:26]} {[%emt
00:07:12]} Qd7 {[%clk 01:20:15]} {[%emt 00:01:18]} 17. Bc2 {[%clk 01:15:35]}
{[%emt 00:03:24]} Rfd8 {[%clk 01:17:44]} {[%emt 00:03:01]} 18. Bd4 {[%clk
01:11:56]} {[%emt 00:04:09]} Rb4 {[%clk 00:51:25]} {[%emt 00:26:47]} 19. Nc3
{[%clk 01:09:08]} {[%emt 00:03:20]} Qe6 {[%clk 00:35:13]} {[%emt 00:16:39]} 20.
Rb1 {[%clk 01:04:02]} {[%emt 00:05:39]} Rb7 {[%clk 00:34:58]} {[%emt 00:00:46]}
21. Ne2 {[%clk 01:01:45]} {[%emt 00:02:47]} Bd6 {[%clk 00:33:43]} {[%emt
00:01:44]} 22. Nf4 {[%clk 01:00:35]} {[%emt 00:01:40]} Qe7 {[%clk 00:33:37]}
{[%emt 00:00:33]} 23. Nh5 {[%clk 00:53:47]} {[%emt 00:07:21]} Be5 {[%clk
00:32:15]} {[%emt 00:01:52]} 24. Nxf6+ {[%clk 00:53:13]} {[%emt 00:01:04]} Bxf6
{[%clk 00:32:30]} {[%emt 00:00:14]} 25. Qd2 {[%clk 00:51:44]} {[%emt 00:02:01]}
Rdb8 {[%clk 00:29:13]} {[%emt 00:03:46]} 26. Rfd1 {[%clk 00:51:11]} {[%emt
00:01:03]} g6 {[%clk 00:22:09]} {[%emt 00:07:35]} 27. Bxf6 {[%clk 00:47:41]}
{[%emt 00:04:01]} Qxf6 {[%clk 00:22:37]} {[%emt 00:00:02]} 28. b3 {[%clk
00:47:19]} {[%emt 00:00:51]} Rb4 {[%clk 00:14:22]} {[%emt 00:08:44]} 29. Qd4
{[%clk 00:41:36]} {[%emt 00:06:15]} Qxd4 {[%clk 00:13:18]} {[%emt 00:01:33]}
30. Rxd4 {[%clk 00:41:30]} {[%emt 00:00:36]} Kg7 {[%clk 00:11:26]} {[%emt
00:02:22]} 31. Rbd1 {[%clk 00:39:50]} {[%emt 00:02:09]} a5 {[%clk 00:11:23]}
{[%emt 00:00:33]} 32. Kf1 {[%clk 00:24:44]} {[%emt 00:15:37]} a4 {[%clk
00:09:54]} {[%emt 00:01:59]} 33. bxa4 {[%clk 00:21:07]} {[%emt 00:04:06]} Rb2
{[%clk 00:09:32]} {[%emt 00:00:52]} 34. Rc1 {[%clk 00:20:59]} {[%emt 00:00:38]}
f5 {[%clk 00:08:26]} {[%emt 00:01:37]} 35. f3 {[%clk 00:19:34]} {[%emt
00:01:55]} Rxa2 {[%clk 00:03:13]} {[%emt 00:05:43]} 1/2-1/2